On the edge of a century (Record no. 515954)

000 -LEADER
fixed length control field 00287nam a22001097a 4500
082 ## - DEWEY DECIMAL CLASSIFICATION NUMBER
Classification number TNC A6X54 D262
100 ## - MAIN ENTRY--PERSONAL NAME
Personal name Datta, Amlan
9 (RLIN) 22230
245 ## - TITLE STATEMENT
Title On the edge of a century
Statement of responsibility, etc by Amlan Datta
260 ## - PUBLICATION, DISTRIBUTION, ETC. (IMPRINT)
Place of publication, distribution, etc Calcutta
Name of publisher, distributor, etc Subarnarekha
Date of publication, distribution, etc 1999
300 ## - PHYSICAL DESCRIPTION
Extent 148p.
650 ## - SUBJECT ADDED ENTRY--TOPICAL TERM
Topical term or geographic name as entry element India - History
9 (RLIN) 23431
Holdings
Withdrawn status Lost status Source of classification or shelving scheme Damaged status Koha normalized classification for sorting Not for loan Permanent location Current location Date acquired Full call number Barcode Date last seen Price effective from Koha item type
        TNC_A6X54_D262   Indian Institute of Public Administration Indian Institute of Public Administration 2021-02-12 TNC A6X54 D262 GR22712 2021-02-12 2021-02-12 GR

Powered by Koha